000 00586nam a2200193Ia 4500
005 20250508164854.0
008 008 250505s9999 xx 000 0 eng d
037 _aDissertations
040 _aFEDL
_beng
_cFEDL
041 _aeng
_2eng
084 _a910.7, MEE/DI
_qFEDL
100 _aMeena Bhawana
_9779390
245 0 _aEvaluation of the status of teaching of geography at middle level in Delhi schools
260 _c2005
300 _aiii,73p.
546 _aM. Ed. Dissertation ( Delhi University)
942 _cDIS
_h910.7, MEE/DI
999 _c1391719
_d1391719